| 000 | 00651nam a22002177a 4500 | ||
|---|---|---|---|
| 003 | OSt | ||
| 005 | 20140310183004.0 | ||
| 008 | 130209t xxu||||| |||| 00| 0 eng d | ||
| 020 | _a9712711056 | ||
| 050 |
_aHM 101 _b.St59 2001 |
||
| 100 | _aSta. Maria, Felice Prudente | ||
| 245 |
_aA Cultural worker's first manual _cFelice Prudente Sta. Maria. |
||
| 260 |
_aManila : _bAnvil, _cc2001. |
||
| 300 |
_axiv, 311 p. : _c22 cm. |
||
| 521 | _aTOU | ||
| 650 |
_aCulture _vHandbooks _vmanuals etc. |
||
| 650 |
_aSocial history _vHandbooks _vmanuals etc. |
||
| 650 |
_aEducational anthropology _xPhilippines |
||
| 942 |
_2lcc _cBK _kLOC |
||
| 999 |
_c18157 _d18157 |
||